[Event "Villarobledo Online Qualifyer"]
[Site "playchess.com #155672"]
[Date "2009.05.23"]
[Round "13"]
[White "Schnickschnack"]
[Black "Secondwind"]
[Result "0-1"]
[WhiteElo "2104"]
[BlackElo "2267"]
[PlyCount "126"]
[EventDate "2009.05.23"]
[EventType "swiss (blitz)"]

1. c4 {[%emt 0:00:00]} c5 {[%emt 0:00:01]} 2. Nc3 {[%emt 0:00:01]} Nc6 {[%emt
0:00:01]} 3. g3 {[%emt 0:00:01]} g6 {[%emt 0:00:01]} 4. Bg2 {[%emt 0:00:00]}
Bg7 {[%emt 0:00:01]} 5. Nf3 {[%emt 0:00:00]} e5 {[%emt 0:00:03]} 6. O-O {[%emt
0:00:01]} d6 {[%emt 0:00:01]} 7. d3 {[%emt 0:00:01]} Be6 {[%emt 0:00:03]} 8.
Rb1 {[%emt 0:00:01]} h6 {[%emt 0:00:02]} 9. a3 {[%emt 0:00:01]} a5 {[%emt 0:00:
01]} 10. Bd2 {[%emt 0:00:03]} Nge7 {[%emt 0:00:01]} 11. Ne1 {[%emt 0:00:03]}
O-O {[%emt 0:00:02]} 12. Nc2 {[%emt 0:00:01]} d5 {[%emt 0:00:06]} 13. cxd5 {
[%emt 0:00:02]} Nxd5 {[%emt 0:00:00]} 14. b4 {[%emt 0:00:01]} axb4 {[%emt 0:00:
07]} 15. Nxd5 {[%emt 0:00:01]} Bxd5 {[%emt 0:00:01]} 16. Bxd5 {[%emt 0:00:08]}
Qxd5 {[%emt 0:00:02]} 17. axb4 {[%emt 0:00:01]} cxb4 {[%emt 0:00:24]} 18. Nxb4
{[%emt 0:00:02]} Nxb4 {[%emt 0:00:01]} 19. Rxb4 {[%emt 0:00:02]} Ra2 {[%emt 0:
00:04]} 20. Be3 {[%emt 0:00:16]} Rc8 {[%emt 0:00:05]} 21. Re1 {[%emt 0:00:07]}
Rcc2 {[%emt 0:00:04]} 22. Qb1 {[%emt 0:00:08]} Rxe2 {[%emt 0:00:04]} 23. Rxe2 {
[%emt 0:00:02]} Rxe2 {[%emt 0:00:01]} 24. Rxb7 {[%emt 0:00:02]} h5 {[%emt 0:00:
27]} 25. Rb5 {[%emt 0:00:19]} Qf3 {[%emt 0:00:04]} 26. Qc1 {[%emt 0:00:30]} h4
{[%emt 0:00:05]} 27. Rb8+ {[%emt 0:00:13]} Kh7 {[%emt 0:00:02]} 28. Rb4 {[%emt
0:00:04]} g5 {[%emt 0:00:25]} 29. gxh4 {[%emt 0:00:08]} g4 {[%emt 0:00:01]} 30.
h5 {[%emt 0:00:09]} Bf6 {[%emt 0:00:13]} 31. Rb6 {[%emt 0:00:34]} Bh4 {[%emt 0:
00:03]} 32. Qf1 {[%emt 0:00:18]} f5 {[%emt 0:00:34]} 33. Rb1 {[%emt 0:00:18]}
f4 {[%emt 0:00:01]} 34. Bc5 {[%emt 0:00:04]} Rd2 {[%emt 0:00:13]} 35. Qg2 {
[%emt 0:00:13]} Qxg2+ {[%emt 0:00:03]} 36. Kxg2 {[%emt 0:00:01]} f3+ {[%emt 0:
00:01]} 37. Kf1 {[%emt 0:00:03]} Rxd3 {[%emt 0:00:01]} 38. Be3 {[%emt 0:00:01]}
Ra3 {[%emt 0:00:06]} 39. Rb7+ {[%emt 0:00:03]} Kh8 {[%emt 0:00:03]} 40. Rb8+ {
[%emt 0:00:01]} Kh7 {[%emt 0:00:02]} 41. Rb7+ {[%emt 0:00:01]} Kg8 {[%emt 0:00:
01]} 42. Rb8+ {[%emt 0:00:01]} Kf7 {[%emt 0:00:01]} 43. Rb7+ {[%emt 0:00:01]}
Ke6 {[%emt 0:00:01]} 44. Rb6+ {[%emt 0:00:01]} Kf5 {[%emt 0:00:01]} 45. Rb1 {
[%emt 0:00:01]} Bg5 {[%emt 0:00:13]} 46. Bc5 {[%emt 0:00:03]} Ra2 {[%emt 0:00:
06]} 47. Re1 {[%emt 0:00:03]} e4 {[%emt 0:00:01]} 48. Be3 {[%emt 0:00:02]} Bf4
{[%emt 0:00:09]} 49. Bxf4 {[%emt 0:00:02]} Kxf4 {[%emt 0:00:01]} 50. h6 {[%emt
0:00:01]} Ra7 {[%emt 0:00:01]} 51. Rb1 {[%emt 0:00:03]} Rh7 {[%emt 0:00:01]}
52. Kg1 {[%emt 0:00:01]} Rxh6 {[%emt 0:00:01]} 53. Rb8 {[%emt 0:00:01]} Rc6 {
[%emt 0:00:01]} 54. Rb1 {[%emt 0:00:01]} Rc2 {[%emt 0:00:01]} 55. Rd1 {[%emt 0:
00:01]} Kg5 {[%emt 0:00:01]} 56. Re1 {[%emt 0:00:01]} Kh4 {[%emt 0:00:01]} 57.
Rf1 {[%emt 0:00:02]} Kh3 {[%emt 0:00:01]} 58. Re1 {[%emt 0:00:01]} e3 {[%emt 0:
00:02]} 59. Rf1 {[%emt 0:00:03]} e2 {[%emt 0:00:01]} 60. Re1 {[%emt 0:00:01]}
Rd2 {[%emt 0:00:01]} 61. Kh1 {[%emt 0:00:02]} Rd1 {[%emt 0:00:01]} 62. Rg1 {
[%emt 0:00:01]} Rxg1+ {[%emt 0:00:01]} 63. Kxg1 {[%emt 0:00:00]} e1=R# {[%emt
0:00:01]} 0-1

[Event "Villarobledo Online Qualifyer"]
[Site "playchess.com #155672"]
[Date "2009.05.23"]
[Round "13"]
[White "Africanchamp"]
[Black "-st!er-"]
[Result "0-1"]
[WhiteElo "2865"]
[BlackElo "2751"]
[PlyCount "128"]
[EventDate "2009.05.23"]
[EventType "swiss (blitz)"]

1. e4 {[%emt 0:00:08]} c5 {[%emt 0:00:01]} 2. Nf3 {[%emt 0:00:02]} Nc6 {[%emt
0:00:01]} 3. d4 {[%emt 0:00:02]} cxd4 {[%emt 0:00:00]} 4. Nxd4 {[%emt 0:00:01]}
Nf6 {[%emt 0:00:00]} 5. Nc3 {[%emt 0:00:01]} e5 {[%emt 0:00:00]} 6. Ndb5 {
[%emt 0:00:01]} d6 {[%emt 0:00:00]} 7. Bg5 {[%emt 0:00:01]} a6 {[%emt 0:00:00]}
8. Na3 {[%emt 0:00:02]} b5 {[%emt 0:00:01]} 9. Nd5 {[%emt 0:00:01]} Be7 {[%emt
0:00:01]} 10. Bxf6 {[%emt 0:00:01]} Bxf6 {[%emt 0:00:00]} 11. c3 {[%emt 0:00:
01]} Bg5 {[%emt 0:00:01]} 12. Nc2 {[%emt 0:00:02]} O-O {[%emt 0:00:01]} 13. Be2
{[%emt 0:00:01]} Rb8 {[%emt 0:00:02]} 14. O-O {[%emt 0:00:03]} a5 {[%emt 0:00:
00]} 15. g3 {[%emt 0:00:02]} f5 {[%emt 0:00:08]} 16. exf5 {[%emt 0:00:05]} Bxf5
{[%emt 0:00:01]} 17. a4 {[%emt 0:00:05]} bxa4 {[%emt 0:00:03]} 18. Nce3 {[%emt
0:00:07]} Bd7 {[%emt 0:00:05]} 19. Bg4 {[%emt 0:00:21]} Rxb2 {[%emt 0:00:04]}
20. Bxd7 {[%emt 0:00:04]} Qxd7 {[%emt 0:00:01]} 21. Qxa4 {[%emt 0:00:01]} Kh8 {
[%emt 0:00:25]} 22. Rab1 {[%emt 0:00:16]} Rxb1 {[%emt 0:00:20]} 23. Rxb1 {
[%emt 0:00:02]} Qf7 {[%emt 0:00:01]} 24. Qc2 {[%emt 0:00:02]} h6 {[%emt 0:00:
07]} 25. Rb6 {[%emt 0:00:07]} Rc8 {[%emt 0:00:13]} 26. Qf5 {[%emt 0:00:07]} Qe8
{[%emt 0:00:34]} 27. Ng4 {[%emt 0:00:37]} Ne7 {[%emt 0:00:14]} 28. Nxe7 {[%emt
0:00:06]} Bxe7 {[%emt 0:00:00]} 29. Rb7 {[%emt 0:00:07]} Rxc3 {[%emt 0:00:07]}
30. h4 {[%emt 0:00:03]} h5 {[%emt 0:00:37]} 31. Ne3 {[%emt 0:00:14]} Bd8 {
[%emt 0:00:28]} 32. Nd5 {[%emt 0:00:14]} Rc5 {[%emt 0:00:01]} 33. Ne3 {[%emt 0:
00:12]} a4 {[%emt 0:00:04]} 34. Ra7 {[%emt 0:00:02]} Bb6 {[%emt 0:00:05]} 35.
Rf7 {[%emt 0:00:07]} Kg8 {[%emt 0:00:03]} 36. Rb7 {[%emt 0:00:01]} Rc1+ {[%emt
0:00:02]} 37. Kh2 {[%emt 0:00:04]} Bxe3 {[%emt 0:00:04]} 38. fxe3 {[%emt 0:00:
04]} a3 {[%emt 0:00:01]} 39. Ra7 {[%emt 0:00:03]} Qf8 {[%emt 0:00:05]} 40. Qe6+
{[%emt 0:00:08]} Kh8 {[%emt 0:00:01]} 41. Rf7 {[%emt 0:00:08]} Qc8 {[%emt 0:00:
01]} 42. Qxc8+ {[%emt 0:00:22] .} Rxc8 {[%emt 0:00:01]} 43. Ra7 {[%emt 0:00:00]
} Rc3 {[%emt 0:00:02]} 44. e4 {[%emt 0:00:01]} Re3 {[%emt 0:00:01]} 45. Kg2 {
[%emt 0:00:01]} Kh7 {[%emt 0:00:00]} 46. Ra6 {[%emt 0:00:01]} Rxe4 {[%emt 0:00:
02]} 47. Rxa3 {[%emt 0:00:01]} Rd4 {[%emt 0:00:01]} 48. Kf3 {[%emt 0:00:01]}
Kg6 {[%emt 0:00:01]} 49. Ra7 {[%emt 0:00:01]} Kf6 {[%emt 0:00:01]} 50. Ra8 {
[%emt 0:00:02]} Rb4 {[%emt 0:00:01]} 51. Rf8+ {[%emt 0:00:01]} Ke7 {[%emt 0:00:
01]} 52. Rg8 {[%emt 0:00:01]} Kf7 {[%emt 0:00:01]} 53. Rd8 {[%emt 0:00:01]} Ke6
{[%emt 0:00:01]} 54. Re8+ {[%emt 0:00:01]} Kd5 {[%emt 0:00:02]} 55. Rh8 {[%emt
0:00:01]} Rb3+ {[%emt 0:00:00]} 56. Kf2 {[%emt 0:00:02]} g6 {[%emt 0:00:01]}
57. Rh6 {[%emt 0:00:02]} Ke4 {[%emt 0:00:01]} 58. Rxg6 {[%emt 0:00:01]} d5 {
[%emt 0:00:00]} 59. g4 {[%emt 0:00:04]} Rb2+ {[%emt 0:00:01]} 60. Ke1 {[%emt 0:
00:01]} hxg4 {[%emt 0:00:01]} 61. Rxg4+ {[%emt 0:00:01]} Ke3 {[%emt 0:00:03]}
62. Rg3+ {[%emt 0:00:01]} Kd4 {[%emt 0:00:00]} 63. h5 {[%emt 0:00:01]} Rh2 {
[%emt 0:00:02]} 64. Rg5 {[%emt 0:00:01]} e4 {[%emt 0:00:00] Africanchamp
resigns} 0-1

[Event "Villarobledo Online Qualifyer"]
[Site "playchess.com #155672"]
[Date "2009.05.23"]
[Round "13"]
[White "Mtudorache"]
[Black "Chesshero045"]
[Result "0-1"]
[WhiteElo "1758"]
[BlackElo "1970"]
[PlyCount "136"]
[EventDate "2009.05.23"]
[EventType "swiss (blitz)"]

1. e4 {[%emt 0:00:00]} e5 {[%emt 0:00:01]} 2. Nf3 {[%emt 0:00:02]} Nf6 {[%emt
0:00:02]} 3. Nxe5 {[%emt 0:00:03]} d6 {[%emt 0:00:01]} 4. Nf3 {[%emt 0:00:02]}
Nxe4 {[%emt 0:00:01]} 5. Nc3 {[%emt 0:00:02]} Nxc3 {[%emt 0:00:03]} 6. dxc3 {
[%emt 0:00:01]} Bf5 {[%emt 0:00:04]} 7. Bd3 {[%emt 0:00:07]} Qd7 {[%emt 0:00:
01]} 8. Bxf5 {[%emt 0:00:03]} Qxf5 {[%emt 0:00:01]} 9. Qe2+ {[%emt 0:00:00]}
Qe6 {[%emt 0:00:03]} 10. Qxe6+ {[%emt 0:00:02]} fxe6 {[%emt 0:00:00]} 11. Bg5 {
[%emt 0:00:00]} Be7 {[%emt 0:00:03]} 12. Bxe7 {[%emt 0:00:02]} Kxe7 {[%emt 0:
00:00]} 13. O-O {[%emt 0:00:03]} Nc6 {[%emt 0:00:01]} 14. Nd4 {[%emt 0:00:01]}
e5 {[%emt 0:00:04]} 15. Rae1 {[%emt 0:00:03]} Kd7 {[%emt 0:00:06]} 16. Nf5 {
[%emt 0:00:01]} g6 {[%emt 0:00:02]} 17. Ne3 {[%emt 0:00:01]} Rhf8 {[%emt 0:00:
03]} 18. Nd5 {[%emt 0:00:03]} Rf5 {[%emt 0:00:08]} 19. f3 {[%emt 0:00:04]} Raf8
{[%emt 0:00:02]} 20. Ne3 {[%emt 0:00:01]} R5f7 {[%emt 0:00:03]} 21. Nd5 {[%emt
0:00:01]} Na5 {[%emt 0:00:09]} 22. b3 {[%emt 0:00:03]} Nc6 {[%emt 0:00:06]} 23.
b4 {[%emt 0:00:01]} Nd8 {[%emt 0:00:05]} 24. a4 {[%emt 0:00:01]} c6 {[%emt 0:
00:01]} 25. Ne3 {[%emt 0:00:01]} Ne6 {[%emt 0:00:01]} 26. Rd1 {[%emt 0:00:04]}
Kc7 {[%emt 0:00:08]} 27. Nc4 {[%emt 0:00:01]} d5 {[%emt 0:00:01]} 28. Nxe5 {
[%emt 0:00:01]} Rf4 {[%emt 0:00:04]} 29. Nd3 {[%emt 0:00:01]} Rc4 {[%emt 0:00:
03]} 30. Rfe1 {[%emt 0:00:13]} Kd6 {[%emt 0:00:15]} 31. Re2 {[%emt 0:00:04]}
Rxc3 {[%emt 0:00:01]} 32. Rde1 {[%emt 0:00:20]} Nd4 {[%emt 0:00:08]} 33. Re7 {
[%emt 0:00:01]} Rxc2 {[%emt 0:00:31]} 34. Nc5 {[%emt 0:00:02]} Rxc5 {[%emt 0:
00:19]} 35. bxc5+ {[%emt 0:00:03]} Kxc5 {[%emt 0:00:00]} 36. Rxb7 {[%emt 0:00:
03]} a5 {[%emt 0:00:17]} 37. Rc1+ {[%emt 0:00:04]} Kd6 {[%emt 0:00:01]} 38. Kf2
{[%emt 0:00:04]} Re8 {[%emt 0:00:02]} 39. Rxh7 {[%emt 0:00:04]} Re2+ {[%emt 0:
00:02]} 40. Kg3 {[%emt 0:00:01]} Ra2 {[%emt 0:00:03]} 41. Rd1 {[%emt 0:00:04]}
Rxa4 {[%emt 0:00:02]} 42. Ra7 {[%emt 0:00:11]} Nf5+ {[%emt 0:00:05]} 43. Kf2 {
[%emt 0:00:02]} Ra2+ {[%emt 0:00:02]} 44. Kf1 {[%emt 0:00:01]} Ne3+ {[%emt 0:
00:01]} 45. Ke1 {[%emt 0:00:01]} Nxg2+ {[%emt 0:00:03]} 46. Kf1 {[%emt 0:00:04]
} Ne3+ {[%emt 0:00:01]} 47. Ke1 {[%emt 0:00:01]} Nxd1 {[%emt 0:00:01]} 48. Kxd1
{[%emt 0:00:01]} Rxh2 {[%emt 0:00:00]} 49. Rxa5 {[%emt 0:00:01]} Rf2 {[%emt 0:
00:02]} 50. Ra3 {[%emt 0:00:02]} g5 {[%emt 0:00:06]} 51. Ke1 {[%emt 0:00:01]}
Rg2 {[%emt 0:00:00]} 52. Kf1 {[%emt 0:00:01]} Rc2 {[%emt 0:00:05]} 53. Ra4 {
[%emt 0:00:06]} Ke5 {[%emt 0:00:01]} 54. Rg4 {[%emt 0:00:01]} Kf5 {[%emt 0:00:
01]} 55. Ra4 {[%emt 0:00:02]} c5 {[%emt 0:00:01]} 56. Ke1 {[%emt 0:00:02]} d4 {
[%emt 0:00:01]} 57. Kd1 {[%emt 0:00:07]} Rc3 {[%emt 0:00:04]} 58. Ke2 {[%emt 0:
00:03]} Kf4 {[%emt 0:00:00]} 59. Ra8 {[%emt 0:00:02]} Re3+ {[%emt 0:00:02]} 60.
Kd2 {[%emt 0:00:02]} Rxf3 {[%emt 0:00:02]} 61. Rc8 {[%emt 0:00:01]} Rc3 {[%emt
0:00:01]} 62. Rg8 {[%emt 0:00:01]} g4 {[%emt 0:00:02]} 63. Rf8+ {[%emt 0:00:02]
} Kg3 {[%emt 0:00:01]} 64. Rg8 {[%emt 0:00:01]} Kh3 {[%emt 0:00:01]} 65. Rf8 {
[%emt 0:00:01]} g3 {[%emt 0:00:02]} 66. Rh8+ {[%emt 0:00:00]} Kg2 {[%emt 0:00:
01]} 67. Rg8 {[%emt 0:00:00]} Kh2 {[%emt 0:00:02]} 68. Rxg3 {[%emt 0:00:01]}
Kxg3 {[%emt 0:00:02] Tempo} 0-1

[Event "Villarobledo Online Qualifyer"]
[Site "playchess.com #155672"]
[Date "2009.05.23"]
[Round "13"]
[White "Kingsize"]
[Black "Dellacasa"]
[Result "1-0"]
[WhiteElo "1462"]
[BlackElo "1362"]
[PlyCount "119"]
[EventDate "2009.05.23"]
[EventType "swiss (blitz)"]

1. e4 {[%emt 0:00:01]} c6 {[%emt 0:00:01]} 2. d4 {[%emt 0:00:02]} d5 {[%emt 0:
00:01]} 3. exd5 {[%emt 0:00:01]} cxd5 {[%emt 0:00:01]} 4. c4 {[%emt 0:00:01]}
e6 {[%emt 0:00:04]} 5. Nf3 {[%emt 0:00:01]} Nf6 {[%emt 0:00:02]} 6. Nc3 {[%emt
0:00:01]} Bb4 {[%emt 0:00:03]} 7. Bd3 {[%emt 0:00:02]} dxc4 {[%emt 0:00:16]} 8.
Bxc4 {[%emt 0:00:02]} Ne4 {[%emt 0:00:02]} 9. Qd3 {[%emt 0:00:08]} Nxc3 {[%emt
0:00:18]} 10. bxc3 {[%emt 0:00:02]} Ba5 {[%emt 0:00:02]} 11. Ba3 {[%emt 0:00:
10]} Bc7 {[%emt 0:00:13]} 12. O-O {[%emt 0:00:05]} Bd6 {[%emt 0:00:01]} 13.
Bxd6 {[%emt 0:00:06]} Qxd6 {[%emt 0:00:01]} 14. Bb3 {[%emt 0:00:01]} O-O {
[%emt 0:00:03]} 15. Bc2 {[%emt 0:00:01]} g6 {[%emt 0:00:07]} 16. Ne5 {[%emt 0:
00:17]} f6 {[%emt 0:00:07]} 17. Nxg6 {[%emt 0:00:10]} Re8 {[%emt 0:00:31]} 18.
Nh4 {[%emt 0:01:10]} f5 {[%emt 0:00:03]} 19. f4 {[%emt 0:00:10]} b6 {[%emt 0:
00:07]} 20. Qg3+ {[%emt 0:00:01]} Kf7 {[%emt 0:00:11]} 21. Nf3 {[%emt 0:00:02]}
Rg8 {[%emt 0:00:04]} 22. Qh4 {[%emt 0:00:02]} Rg7 {[%emt 0:00:12]} 23. Ne5+ {
[%emt 0:00:02]} Kg8 {[%emt 0:00:05]} 24. Rf3 {[%emt 0:00:18]} Nc6 {[%emt 0:00:
02]} 25. Rg3 {[%emt 0:00:05]} Nxe5 {[%emt 0:00:10]} 26. Rxg7+ {[%emt 0:00:03]}
Kxg7 {[%emt 0:00:07]} 27. fxe5 {[%emt 0:00:02]} Qf8 {[%emt 0:00:19]} 28. Rf1 {
[%emt 0:00:10]} Bb7 {[%emt 0:00:04]} 29. Bb3 {[%emt 0:00:04]} Qf7 {[%emt 0:00:
14]} 30. Qg5+ {[%emt 0:00:03]} Kh8 {[%emt 0:00:06]} 31. Rf3 {[%emt 0:00:05]}
Rg8 {[%emt 0:00:02]} 32. Qh6 {[%emt 0:00:11]} Bxf3 {[%emt 0:00:03]} 33. Bxe6 {
[%emt 0:00:02]} Qg7 {[%emt 0:00:05]} 34. Qxg7+ {[%emt 0:00:04]} Rxg7 {[%emt 0:
00:01]} 35. Kf2 {[%emt 0:00:02]} Bxg2 {[%emt 0:00:04]} 36. Bxf5 {[%emt 0:00:01]
} Bb7 {[%emt 0:00:04]} 37. e6 {[%emt 0:00:02]} Kg8 {[%emt 0:00:04]} 38. Ke3 {
[%emt 0:00:01]} Bc8 {[%emt 0:00:01]} 39. c4 {[%emt 0:00:02]} Re7 {[%emt 0:00:
03]} 40. d5 {[%emt 0:00:01]} Kg7 {[%emt 0:00:06]} 41. Kd4 {[%emt 0:00:01]} Kf6
{[%emt 0:00:01]} 42. Bg4 {[%emt 0:00:05]} Kg5 {[%emt 0:00:03]} 43. h3 {[%emt 0:
00:02]} h5 {[%emt 0:00:03]} 44. Bd1 {[%emt 0:00:06]} Kf4 {[%emt 0:00:03]} 45.
Bxh5 {[%emt 0:00:03]} Kg3 {[%emt 0:00:02]} 46. Bg4 {[%emt 0:00:01]} Bb7 {[%emt
0:00:04]} 47. Ke5 {[%emt 0:00:02]} Ba6 {[%emt 0:00:02]} 48. d6 {[%emt 0:00:02]}
Rg7 {[%emt 0:00:05]} 49. d7 {[%emt 0:00:03]} Rg5+ {[%emt 0:00:02]} 50. Kd6 {
[%emt 0:00:02]} Rg8 {[%emt 0:00:03]} 51. e7 {[%emt 0:00:01]} Rg6+ {[%emt 0:00:
03]} 52. Kc7 {[%emt 0:00:01]} Rg7 {[%emt 0:00:04]} 53. e8=Q {[%emt 0:00:03]}
Rg6 {[%emt 0:00:03]} 54. Qxg6 {[%emt 0:00:04] .} b5 {[%emt 0:00:02]} 55. cxb5 {
[%emt 0:00:01]} Bxb5 {[%emt 0:00:01]} 56. d8=Q {[%emt 0:00:03]} a5 {[%emt 0:00:
02]} 57. Qdd6+ {[%emt 0:00:04]} Kg2 {[%emt 0:00:03]} 58. Qe4+ {[%emt 0:00:05]}
Kg1 {[%emt 0:00:01]} 59. Qg3+ {[%emt 0:00:01]} Kf1 {[%emt 0:00:01]} 60. Qee1# {
[%emt 0:00:01]} 1-0

[Event "Villarobledo Online Qualifyer"]
[Site "playchess.com #155672"]
[Date "2009.05.23"]
[Round "13"]
[White "Sophie_Neveu"]
[Black "acepoint"]
[Result "0-1"]
[WhiteElo "2132"]
[BlackElo "1886"]
[PlyCount "158"]
[EventDate "2009.05.23"]
[EventType "swiss (blitz)"]

1. e4 {[%emt 0:00:01]} c5 {[%emt 0:00:01]} 2. d4 {[%emt 0:00:01]} cxd4 {[%emt
0:00:02]} 3. c3 {[%emt 0:00:00]} dxc3 {[%emt 0:00:01]} 4. Nxc3 {[%emt 0:00:00]}
Nc6 {[%emt 0:00:01]} 5. Nf3 {[%emt 0:00:00]} d6 {[%emt 0:00:01]} 6. Bc4 {[%emt
0:00:01]} e6 {[%emt 0:00:00]} 7. O-O {[%emt 0:00:01]} a6 {[%emt 0:00:01]} 8.
Qe2 {[%emt 0:00:01]} Nge7 {[%emt 0:00:01]} 9. Rd1 {[%emt 0:00:01]} Ng6 {[%emt
0:00:01]} 10. Bg5 {[%emt 0:00:03]} Be7 {[%emt 0:00:01]} 11. Bxe7 {[%emt 0:00:
19]} Qxe7 {[%emt 0:00:01]} 12. Qd2 {[%emt 0:00:01]} b5 {[%emt 0:00:27]} 13.
Qxd6 {[%emt 0:00:08]} Qxd6 {[%emt 0:00:03]} 14. Rxd6 {[%emt 0:00:01]} Bb7 {
[%emt 0:00:01]} 15. Be2 {[%emt 0:00:07]} Ke7 {[%emt 0:00:04]} 16. Rad1 {[%emt
0:00:01]} Rhd8 {[%emt 0:00:02]} 17. Rxd8 {[%emt 0:00:01]} Rxd8 {[%emt 0:00:02]}
18. Rxd8 {[%emt 0:00:01]} Nxd8 {[%emt 0:00:02]} 19. Nd2 {[%emt 0:00:02]} f6 {
[%emt 0:00:10]} 20. f3 {[%emt 0:00:01]} Kd6 {[%emt 0:00:06]} 21. Kf2 {[%emt 0:
00:01]} e5 {[%emt 0:00:01]} 22. Ke3 {[%emt 0:00:01]} Ne6 {[%emt 0:00:00]} 23.
g3 {[%emt 0:00:07]} Ne7 {[%emt 0:00:05]} 24. Nb3 {[%emt 0:00:05]} Nc6 {[%emt 0:
00:08]} 25. Bd1 {[%emt 0:00:06]} Ned4 {[%emt 0:00:05]} 26. Nd2 {[%emt 0:00:02]}
Kc5 {[%emt 0:00:11]} 27. a3 {[%emt 0:00:04]} b4 {[%emt 0:00:15]} 28. Nd5 {
[%emt 0:00:02]} bxa3 {[%emt 0:00:08]} 29. bxa3 {[%emt 0:00:01]} Na5 {[%emt 0:
00:07]} 30. Nb4 {[%emt 0:00:22]} Nc4+ {[%emt 0:00:06]} 31. Nxc4 {[%emt 0:00:45]
} Kxc4 {[%emt 0:00:01]} 32. f4 {[%emt 0:00:16]} a5 {[%emt 0:00:05]} 33. Nd3 {
[%emt 0:00:02]} exf4+ {[%emt 0:00:09]} 34. gxf4 {[%emt 0:00:01]} Nb5 {[%emt 0:
00:05]} 35. Nb2+ {[%emt 0:00:14]} Kc5 {[%emt 0:00:09]} 36. a4 {[%emt 0:00:12]}
Nc3 {[%emt 0:00:02]} 37. Bc2 {[%emt 0:00:01]} Kb4 {[%emt 0:00:03]} 38. Nd3+ {
[%emt 0:00:03]} Kc4 {[%emt 0:00:34]} 39. Nb2+ {[%emt 0:00:16]} Kc5 {[%emt 0:00:
05]} 40. Nd3+ {[%emt 0:00:04]} Kd6 {[%emt 0:00:01]} 41. Nf2 {[%emt 0:00:13]}
Bc6 {[%emt 0:00:03]} 42. Kd4 {[%emt 0:00:03]} Nxa4 {[%emt 0:00:02]} 43. e5+ {
[%emt 0:00:01]} fxe5+ {[%emt 0:00:02]} 44. fxe5+ {[%emt 0:00:00]} Ke6 {[%emt 0:
00:04]} 45. Bxh7 {[%emt 0:00:01]} Nb2 {[%emt 0:00:06]} 46. Bg8+ {[%emt 0:00:02]
} Ke7 {[%emt 0:00:01]} 47. Kc5 {[%emt 0:00:03]} Bd7 {[%emt 0:00:04]} 48. Ne4 {
[%emt 0:00:07]} a4 {[%emt 0:00:05]} 49. Nc3 {[%emt 0:00:01]} a3 {[%emt 0:00:06]
} 50. Kb4 {[%emt 0:00:03]} Nd3+ {[%emt 0:00:02]} 51. Kxa3 {[%emt 0:00:01]} Nxe5
{[%emt 0:00:02]} 52. Kb4 {[%emt 0:00:02]} Kf6 {[%emt 0:00:01]} 53. Kc5 {[%emt
0:00:01]} Nf3 {[%emt 0:00:03]} 54. h3 {[%emt 0:00:06]} Ke5 {[%emt 0:00:02]} 55.
Bd5 {[%emt 0:00:04]} Ng5 {[%emt 0:00:04]} 56. h4 {[%emt 0:00:01]} Ne6+ {[%emt
0:00:01]} 57. Kc4 {[%emt 0:00:08]} Nf4 {[%emt 0:00:01]} 58. Bf3 {[%emt 0:00:08]
} Be6+ {[%emt 0:00:02]} 59. Kc5 {[%emt 0:00:03]} Nd3+ {[%emt 0:00:03]} 60. Kc6
{[%emt 0:00:05]} Kf4 {[%emt 0:00:01]} 61. Be2 {[%emt 0:00:01]} Ne5+ {[%emt 0:
00:02]} 62. Kd6 {[%emt 0:00:01]} Bg4 {[%emt 0:00:02]} 63. Bf1 {[%emt 0:00:03]}
Ng6 {[%emt 0:00:02]} 64. Nd5+ {[%emt 0:00:02]} Kg3 {[%emt 0:00:02]} 65. Ne3 {
[%emt 0:00:08]} Nxh4 {[%emt 0:00:02]} 66. Nxg4 {[%emt 0:00:01]} Kxg4 {[%emt 0:
00:01]} 67. Ke6 {[%emt 0:00:00]} Nf3 {[%emt 0:00:02]} 68. Kf7 {[%emt 0:00:01]}
g5 {[%emt 0:00:01]} 69. Be2 {[%emt 0:00:02]} Kf4 {[%emt 0:00:02]} 70. Kf6 {
[%emt 0:00:01]} g4 {[%emt 0:00:01]} 71. Bf1 {[%emt 0:00:01]} Nd2 {[%emt 0:00:
04]} 72. Bg2 {[%emt 0:00:01]} Kg3 {[%emt 0:00:01]} 73. Bd5 {[%emt 0:00:03]} Kf2
{[%emt 0:00:01]} 74. Kg5 {[%emt 0:00:01]} g3 {[%emt 0:00:01]} 75. Kh4 {[%emt 0:
00:01]} Nf3+ {[%emt 0:00:02]} 76. Kh3 {[%emt 0:00:02]} g2 {[%emt 0:00:04]} 77.
Bxf3 {[%emt 0:00:01]} Kxf3 {[%emt 0:00:02]} 78. Kh2 {[%emt 0:00:01]} Kf2 {
[%emt 0:00:00]} 79. Kh3 {[%emt 0:00:02]} g1=Q {[%emt 0:00:01] Sophie_Neveu
rinde} 0-1